[Event "2nd Yerevan Open"]
[Site "?"]
[Date "2017.09.22"]
[Round "4.2"]
[White "Grigoryan, Karen H"]
[Black "Gabrielian, Artur"]
[Result "1-0"]
[WhiteElo "2568"]
[BlackElo "2501"]
[PlyCount "59"]
[EventDate "2017.??.??"]
[TimeControl "6000+1020"]
[WhiteClock "0:11:53"]
[BlackClock "0:00:58"]

1. d4 Nf6 2. c4 g6 3. Nf3 Bg7 4. g3 O-O 5. Bg2 d6 6. O-O Nbd7 7. Nc3 e5 8. h3
Re8 9. e4 exd4 10. Nxd4 Nc5 11. Re1 Bd7 12. f3 Nh5 13. Nde2 f5 14. exf5 gxf5
15. g4 fxg4 16. fxg4 Nf6 17. Bg5 Re5 18. Bf4 Re8 19. Qc2 Qe7 20. Rf1 Ne6 21.
Bd2 Nxg4 22. hxg4 Nd4 23. Bd5+ Kh8 24. Nxd4 Bxd4+ 25. Kg2 Qh4 26. Rf4 Bxg4 27.
Qd3 Bf3+ 28. Rxf3 Rg8+ 29. Bxg8 Rxg8+ 30. Rg3 1-0

[Event "2nd Yerevan Open"]
[Site "?"]
[Date "2017.09.22"]
[Round "4.3"]
[White "Mikaelyan, Arman"]
[Black "Tabatabaei, M.Amin"]
[Result "1-0"]
[WhiteElo "2474"]
[BlackElo "2548"]
[PlyCount "25"]
[EventDate "2017.??.??"]
[TimeControl "6000+1480"]
[WhiteClock "1:05:38"]
[BlackClock "0:47:24"]

1. d4 Nf6 2. Bf4 d5 3. e3 c5 4. Nf3 Nc6 5. Nbd2 Qb6 6. dxc5 Qxb2 7. Rb1 Qc3 8.
Bb5 e6 9. O-O Qxc5 10. c4 a6 11. Bxc6+ bxc6 12. Ne5 Bd6 13. Nd3 1-0

[Event "2nd Yerevan Open"]
[Site "?"]
[Date "2017.09.22"]
[Round "4.4"]
[White "Petrosian, Tigran L"]
[Black "Minasian, Artashes"]
[Result "1-0"]
[WhiteElo "2615"]
[BlackElo "2492"]
[PlyCount "95"]
[EventDate "2017.??.??"]
[TimeControl "6000+1125"]
[WhiteClock "0:28:33"]
[BlackClock "0:27:44"]

1. b3 d5 2. Bb2 c6 3. g3 Bg4 4. Bg2 Nd7 5. h3 Bh5 6. f4 f6 7. Nf3 e5 8. g4 Bg6
9. e3 Bd6 10. f5 Bf7 11. d3 h5 12. e4 hxg4 13. hxg4 Rxh1+ 14. Bxh1 Nh6 15. Nbd2
Nxg4 16. Ng5 Qb6 17. Qxg4 Qe3+ 18. Kf1 fxg5 19. Nf3 dxe4 20. Re1 Qc5 21. Nxg5
Nf6 22. Qd1 exd3 23. Qxd3 Bg8 24. Bd4 Qa5 25. Bc3 Qc7 26. Ba5 Qe7 27. Qh3 Bc7
28. Bxc7 Qxc7 29. Qe3 O-O-O 30. Qxa7 Nd7 31. Ne6 Bxe6 32. fxe6 Rf8+ 33. Ke2 Nb6
34. Be4 Nd5 35. Qa8+ Qb8 36. Qxb8+ Kxb8 37. Bxd5 cxd5 38. Kd3 Kc7 39. Rxe5 Kd6
40. Rg5 Kxe6 41. Rxg7 b5 42. Rg6+ Ke5 43. Rb6 Rf3+ 44. Kd2 Rf2+ 45. Kc1 d4 46.
Rxb5+ Ke4 47. Rb4 Ke3 48. Rc4 1-0

[Event "2nd Yerevan Open"]
[Site "?"]
[Date "2017.09.22"]
[Round "4.5"]
[White "Melkumyan, Hrant"]
[Black "Hayrapetyan, Hovik"]
[Result "1-0"]
[WhiteElo "2642"]
[BlackElo "2472"]
[PlyCount "121"]
[EventDate "2017.??.??"]
[TimeControl "6000+1175"]
[WhiteClock "0:11:58"]
[BlackClock "0:12:23"]

1. c4 c5 2. Nf3 Nf6 3. Nc3 Nc6 4. g3 b6 5. Bg2 Bb7 6. O-O e6 7. e4 d6 8. d4
cxd4 9. Nxd4 Nxd4 10. Qxd4 Be7 11. b3 O-O 12. Ba3 Qb8 13. Rad1 Rd8 14. Rd2 Bc6
15. Rfd1 a6 16. Qe3 Ra7 17. e5 Ng4 18. Qf4 Nxe5 19. Bxc6 Nxc6 20. Bxd6 Rxd6 21.
Rxd6 Bxd6 22. Qxd6 Qxd6 23. Rxd6 Rc7 24. Na4 b5 25. Nc5 bxc4 26. Nxa6 Rc8 27.
bxc4 Kf8 28. c5 Ke7 29. a4 Nb8 30. Nxb8 Rxb8 31. Rb6 Ra8 32. Rb7+ Kf6 33. Rb4
Ra7 34. Kf1 Rc7 35. Rb5 Ke5 36. a5 Rc6 37. Ke2 Kd4 38. Rb7 f5 39. Rxg7 Rxc5 40.
a6 Ra5 41. a7 h5 42. Rd7+ Kc5 43. Ke3 Ra4 44. h4 Kc6 45. Rf7 Kd6 46. f3 f4+ 47.
gxf4 Ra3+ 48. Kf2 Ra1 49. Rh7 Ra2+ 50. Kg3 Ra4 51. Kf2 Ra3 52. Ke2 Ra2+ 53. Kd3
Ra4 54. Kc3 Kc6 55. Rf7 Kd5 56. Kb3 Ra1 57. Kb4 Kc6 58. f5 exf5 59. Rf6+ Kd5
60. Rxf5+ Kd4 61. Rf7 1-0

[Event "2nd Yerevan Open"]
[Site "?"]
[Date "2017.09.22"]
[Round "4.6"]
[White "Andriasian, Zaven"]
[Black "Baghdasaryan, Vahe"]
[Result "1/2-1/2"]
[WhiteElo "2593"]
[BlackElo "2440"]
[PlyCount "85"]
[EventDate "2017.??.??"]
[TimeControl "6000+2175"]
[WhiteClock "0:05:51"]
[BlackClock "0:26:08"]

1. e4 c5 2. Nf3 e6 3. d4 cxd4 4. Nxd4 Nc6 5. Nc3 Nf6 6. g3 Qb6 7. Nb3 Bb4 8.
Be3 Qc7 9. Bg2 Ne5 10. O-O Nc4 11. Bc1 a6 12. Ne2 h5 13. c3 Be7 14. h3 b5 15.
Nbd4 Bb7 16. b3 Ne5 17. f4 Ng6 18. Qd3 Bc5 19. Be3 e5 20. Nf5 O-O 21. Kh1 d5
22. Bxc5 Qxc5 23. fxe5 dxe4 24. Qd2 Qxe5 25. Qg5 Bc8 26. Ned4 Bxf5 27. Rxf5 Qc7
28. Rc5 Qb8 29. Rf1 Re8 30. Nf5 Re5 31. Rc6 Qe8 32. Rd6 e3 33. Rxf6 e2 34. Re1
gxf6 35. Qxf6 Rxf5 36. Qxf5 Rd8 37. Bd5 Kg7 38. c4 bxc4 39. bxc4 h4 40. gxh4
Qe3 41. Qxf7+ Kh6 42. Qf3 Re8 43. Qxe3+ 1/2-1/2

[Event "2nd Yerevan Open"]
[Site "?"]
[Date "2017.09.22"]
[Round "4.7"]
[White "Kotanjian, Tigran"]
[Black "Pashikian, Arman"]
[Result "0-1"]
[WhiteElo "2496"]
[BlackElo "2592"]
[PlyCount "120"]
[EventDate "2017.??.??"]
[TimeControl "6000+740"]
[WhiteClock "0:01:15"]
[BlackClock "0:00:45"]

1. c4 e5 2. Nc3 Nf6 3. Nf3 Nc6 4. a3 g6 5. g3 Bg7 6. Bg2 O-O 7. O-O d6 8. d3 h6
9. Nd2 Ne7 10. b4 a6 11. Bb2 c6 12. e4 Be6 13. Ne2 Qd7 14. Re1 Bh3 15. d4 Bxg2
16. Kxg2 exd4 17. Bxd4 c5 18. Bc3 cxb4 19. axb4 b5 20. Qc2 Nc6 21. Qb2 Ne5 22.
Bxe5 dxe5 23. c5 Rfd8 24. Ra2 Qc6 25. Nc3 Rd3 26. Nb3 Qe6 27. Nc1 Rdd8 28. Qe2
Rd4 29. Rd1 Rxb4 30. Nd5 Nxd5 31. exd5 Qd7 32. Rc2 Rc8 33. d6 Qc6+ 34. Kg1 Rd8
35. Qe1 Rc4 36. Rxc4 bxc4 37. Qa5 Bf6 38. Na2 Qf3 39. Qe1 e4 40. Rc1 Bg5 41.
Rc3 e3 42. h4 exf2+ 43. Qxf2 Qd1+ 44. Qf1 Qd4+ 45. Kh2 Qxc5 46. Rxc4 Qxd6 47.
hxg5 Qd2+ 48. Qg2 Qxg5 49. Rf4 Qh5+ 50. Rh4 Qc5 51. Nb4 a5 52. Nc6 Rc8 53. Nd4
a4 54. Qe4 Qc1 55. Rg4 Qc7 56. Nf5 Kh7 57. Nh4 a3 58. Kh3 Qd7 59. Qa4 Qe6 60.
Nf3 a2 0-1

[Event "2nd Yerevan Open"]
[Site "?"]
[Date "2017.09.22"]
[Round "4.8"]
[White "Rozum, Ivan"]
[Black "Babujian, Levon"]
[Result "1-0"]
[WhiteElo "2590"]
[BlackElo "2458"]
[PlyCount "109"]
[EventDate "2017.??.??"]
[TimeControl "6000+935"]
[WhiteClock "1:05:46"]
[BlackClock "0:26:33"]

1. d4 Nf6 2. c4 g6 3. Nf3 Bg7 4. g3 O-O 5. Bg2 d5 6. O-O dxc4 7. Na3 c3 8. bxc3
c5 9. Re1 Nc6 10. Bb2 Bg4 11. h3 Bxf3 12. Bxf3 Qb6 13. Nc4 Qb5 14. Qb3 Qxb3 15.
axb3 cxd4 16. cxd4 Rfd8 17. Bxc6 bxc6 18. Na5 Rac8 19. Rec1 Rd6 20. Ba3 Re6 21.
Ra2 Nd5 22. e3 Bh6 23. Rc4 Rc7 24. Bc1 Nb6 25. Rc3 Nd5 26. Rc4 Nb6 27. Rc5 Nd7
28. Rc3 Bg7 29. Rac2 c5 30. b4 Ra6 31. Bd2 f5 32. Rc4 Kf7 33. bxc5 Ke6 34. Kf1
Nf6 35. f3 Bf8 36. Rb2 Kd5 37. c6 Rb6 38. Rc5+ Ke6 39. Rcb5 Rxb5 40. Rxb5 Rc8
41. Ke2 Nd5 42. e4 fxe4 43. fxe4 Nb6 44. d5+ Kf6 45. Be3 e6 46. Bd4+ Kf7 47.
Bxb6 axb6 48. Rxb6 exd5 49. exd5 Bd6 50. g4 Re8+ 51. Kd3 Bh2 52. Nc4 Rd8 53.
Ke4 Re8+ 54. Kf3 Rd8 55. Rb2 1-0

[Event "2nd Yerevan Open"]
[Site "?"]
[Date "2017.09.22"]
[Round "4.9"]
[White "Nalbandian, Tigran"]
[Black "Gabuzyan, Hovhannes"]
[Result "0-1"]
[WhiteElo "2455"]
[BlackElo "2573"]
[PlyCount "72"]
[EventDate "2017.??.??"]
[TimeControl "6000+1185"]
[WhiteClock "0:01:03"]
[BlackClock "1:08:20"]

1. Nf3 c5 2. g3 Nc6 3. Bg2 g6 4. c3 Bg7 5. d4 cxd4 6. cxd4 d5 7. Nc3 e6 8. O-O
Nge7 9. e4 dxe4 10. Nxe4 O-O 11. Bg5 h6 12. Bf6 Bxf6 13. Nxf6+ Kg7 14. Ne4 Nf5
15. Rc1 Nfxd4 16. Rc4 Nxf3+ 17. Qxf3 e5 18. Nc5 Re8 19. Re1 Nd4 20. Qd5 Rb8 21.
Rxd4 exd4 22. Rxe8 Qxe8 23. Ne4 f6 24. Qxd4 Qe5 25. Qxa7 Bf5 26. h4 Re8 27. Nc3
Re7 28. Qb6 Rd7 29. a4 g5 30. h5 Qe1+ 31. Kh2 Qe8 32. Bf3 g4 33. Be2 Re7 34.
Qc5 Bd7 35. Qc4 Qxh5+ 36. Kg1 Bc6 0-1

[Event "2nd Yerevan Open"]
[Site "?"]
[Date "2017.09.22"]
[Round "4.11"]
[White "Nugumanov, Bakhtiyar"]
[Black "Martirosyan, Haik M"]
[Result "0-1"]
[WhiteElo "2401"]
[BlackElo "2570"]
[PlyCount "152"]
[EventDate "2017.??.??"]
[TimeControl "6000+755"]
[WhiteClock "0:00:59"]
[BlackClock "0:11:59"]

1. e4 e5 2. Nf3 Nc6 3. Nc3 Nf6 4. a3 d6 5. d4 Bg4 6. Bb5 Nd7 7. dxe5 dxe5 8.
Be3 Bd6 9. Bxc6 bxc6 10. h3 Bh5 11. Qe2 Qf6 12. g4 Bg6 13. O-O-O Nb6 14. Nd2
Qe6 15. h4 f6 16. Nb3 a5 17. f4 Bf7 18. f5 Qe7 19. Rxd6 Qxd6 20. Rd1 Qe7 21.
Bc5 Bc4 22. Qe3 Qf7 23. Nd2 Ba6 24. g5 Nd7 25. Rg1 Kd8 26. Nb3 Bc4 27. Nd2 Kc8
28. a4 g6 29. Ncb1 Ba6 30. b3 gxf5 31. exf5 fxg5 32. hxg5 Qxf5 33. Qc3 Be2 34.
Be3 Qe6 35. Na3 Qd5 36. Nac4 Rf8 37. g6 hxg6 38. Rxg6 Kb7 39. Rg7 Bxc4 40. Nxc4
Rf1+ 41. Kb2 Qd1 42. Ka3 Qa1+ 43. Qxa1 Rxa1+ 44. Kb2 Rd1 45. Bd2 Nb6 46. Nxa5+
Ka6 47. Bc3 Nd5 48. Nxc6 e4 49. Rg2 Re8 50. Nb4+ Nxb4 51. Bxb4 e3 52. Re2 Kb6
53. a5+ Kb5 54. Be1 Kc5 55. c3 Rd7 56. Kc2 Kd5 57. Kd3 Ke5+ 58. Kc4 Kf4 59. Ra2
Rd1 60. Bf2 exf2 61. Rxf2+ Ke3 62. Rf7 Re4+ 63. Kc5 Re5+ 64. Kb4 Rdd5 65. c4
Rxa5 66. Rxc7 Ra8 67. Kc3 Ree8 68. Rh7 Ke4 69. Rh4+ Ke5 70. Rh5+ Kd6 71. Rh3
Re6 72. Kb4 Kc6 73. Rf3 Rae8 74. Ka4 Kc5 75. Ka3 Ra8+ 76. Kb2 Kb4 0-1

[Event "2nd Yerevan Open"]
[Site "?"]
[Date "2017.09.22"]
[Round "4.12"]
[White "Korneev, Oleg"]
[Black "Vardanian, Haik G"]
[Result "1-0"]
[WhiteElo "2550"]
[BlackElo "2355"]
[PlyCount "87"]
[EventDate "2017.??.??"]
[TimeControl "6000+1255"]
[WhiteClock "0:31:08"]
[BlackClock "0:30:11"]

1. e4 c5 2. Nf3 e6 3. d4 cxd4 4. Nxd4 a6 5. Bd3 Nf6 6. O-O Qc7 7. Qe2 Bd6 8.
Kh1 Nc6 9. Nxc6 dxc6 10. f4 e5 11. f5 b5 12. a4 Bb7 13. Nc3 O-O 14. g4 Rac8 15.
g5 Nd7 16. Qh5 Rfe8 17. Be3 Bc5 18. Bxc5 Nxc5 19. Rf3 Nd7 20. f6 Qd6 21. Raf1
g6 22. Qh6 Qf8 23. Qh4 Kh8 24. Rh3 Qg8 25. Nd1 Rcd8 26. Ne3 Bc8 27. Ng4 Nc5 28.
Nh6 Qf8 29. Nf5 Qg8 30. Nh6 Qf8 31. Nf5 Qg8 32. Ne7 Rxe7 33. fxe7 Re8 34. Rhf3
Be6 35. Qf2 Nd7 36. Qa7 Rxe7 37. Qxa6 Nb8 38. Qa5 h6 39. gxh6 bxa4 40. Qxe5+
Kh7 41. Bc4 Nd7 42. Qd6 Qe8 43. Bxe6 fxe6 44. Qxe7+ 1-0

[Event "2nd Yerevan Open"]
[Site "?"]
[Date "2017.09.22"]
[Round "4.13"]
[White "Moskalenko, Alexander"]
[Black "Tahbaz, Arash"]
[Result "1-0"]
[WhiteElo "2531"]
[BlackElo "2381"]
[PlyCount "59"]

1. c4 c6 2. Nf3 Nf6 3. d4 d5 4. Qc2 g6 5. Bf4 dxc4 6. Qxc4 Bg7 7. Nbd2 Bf5 8.
e3 Nbd7 9. Bd3 Nb6 10. Qc2 Bxd3 11. Qxd3 O-O 12. Qc2 Nfd7 13. O-O Rc8 14. Ne4
Nd5 15. Bg3 c5 16. Qb3 N5b6 17. Rfd1 c4 18. Qb4 Rc6 19. a4 Qc8 20. Nc3 e6 21.
e4 a6 22. a5 Na8 23. d5 exd5 24. Nxd5 Re6 25. Ng5 Ree8 26. Ne7+ Rxe7 27. Qxe7
Bxb2 28. Rxd7 Qe8 29. Qxe8 Rxe8 30. Rad1 1-0

[Event "2nd Yerevan Open"]
[Site "?"]
[Date "2017.09.22"]
[Round "4.14"]
[White "Yegiazarian, Arsen"]
[Black "Harutyunian, Tigran K."]
[Result "1/2-1/2"]
[WhiteElo "2421"]
[BlackElo "2520"]
[PlyCount "139"]

1. d4 Nf6 2. c4 e6 3. Nf3 d5 4. Nc3 c5 5. cxd5 Nxd5 6. e3 cxd4 7. exd4 Nxc3 8.
bxc3 Qc7 9. Bd2 Nd7 10. Bd3 b6 11. O-O Bb7 12. Ng5 Bd6 13. Qh5 Nf6 14. Bb5+ Kf8
15. Qh4 h6 16. Nf3 Bxf3 17. gxf3 Ke7 18. Rfe1 g5 19. Qh3 Rag8 20. Kh1 Bf4 21.
Bxf4 Qxf4 22. Qg3 Nh5 23. Qh3 Nf6 24. Qg3 Qd6 25. Qxd6+ Kxd6 26. c4 Rc8 27. f4
gxf4 28. Kg2 Rhg8+ 29. Kf3 Rg5 30. a4 a5 31. Rab1 Rcg8 32. Ba6 Kc6 33. Rb5 Ra8
34. d5+ exd5 35. cxd5+ Rxd5 36. Rc1+ Kd6 37. Rxb6+ Ke5 38. Bb7 Rd3+ 39. Ke2
Rad8 40. Rb5+ Kd4 41. Rf5 f3+ 42. Bxf3 Ne4 43. Bxe4 Kxe4 44. Rxa5 Rd2+ 45. Kf1
f5 46. Rc4+ R2d4 47. Rac5 f4 48. a5 R8d6 49. Rxd4+ Rxd4 50. Kg2 Ra4 51. h4 Ra1
52. Rb5 Ra3 53. f3+ Kd4 54. h5 Ra2+ 55. Kh3 Ke3 56. Rb3+ Kf2 57. Kg4 Rxa5 58.
Kxf4 Kg2 59. Rb6 Rxh5 60. Ke4 Ra5 61. f4 h5 62. f5 h4 63. Rg6+ Kh2 64. f6 Ra4+
65. Kf5 Ra8 66. f7 Rf8 67. Rg7 h3 68. Kf4 Kh1 69. Kg3 h2 70. Kf2 1/2-1/2

[Event "2nd Yerevan Open"]
[Site "?"]
[Date "2017.09.22"]
[Round "4.15"]
[White "Kalashian, David"]
[Black "Onischuk, Vladimir"]
[Result "1/2-1/2"]
[WhiteElo "2389"]
[BlackElo "2638"]
[PlyCount "109"]

1. d4 d6 2. c4 e5 3. e3 Nc6 4. Nc3 Bd7 5. Nf3 g6 6. d5 Nce7 7. e4 Bg7 8. c5
dxc5 9. Be3 b6 10. d6 cxd6 11. Qxd6 Bc6 12. Nb5 a6 13. Nc7+ Kf8 14. O-O-O Qxd6
15. Rxd6 Rc8 16. Nd5 b5 17. Nb6 Rc7 18. Rd8+ Be8 19. Be2 Bh6 20. Bxh6+ Nxh6 21.
Nxe5 Kg7 22. Rhd1 f6 23. Nf3 Rb7 24. Nd5 Nf7 25. Ra8 Nxd5 26. exd5 Rb6 27. Rc8
c4 28. Nd4 f5 29. g4 fxg4 30. Bxg4 Nd6 31. Rc7+ Bf7 32. Ne6+ Kf6 33. Nc5 Kg5
34. Rc6 Rxc6 35. dxc6 Ne8 36. Be6 Bxe6 37. Nxe6+ Kf5 38. c7 Nxc7 39. Nxc7 Kg4
40. Nxa6 Kh3 41. Nc7 Kxh2 42. Nxb5 Kg2 43. f4 h5 44. Nd4 h4 45. f5 g5 46. Ne6
g4 47. f6 h3 48. f7 h2 49. f8=Q Rxf8 50. Nxf8 g3 51. Ng6 Kf3 52. Rf1+ Kg2 53.
Rd1 Kf3 54. Rf1+ Kg2 55. Rd1 1/2-1/2

[Event "2nd Yerevan Open"]
[Site "?"]
[Date "2017.09.22"]
[Round "4.16"]
[White "Hakobyan, Aram"]
[Black "Matevosyan, Sedrak"]
[Result "1-0"]
[WhiteElo "2472"]
[BlackElo "2202"]
[PlyCount "41"]

1. d4 Nf6 2. c4 e6 3. g3 c5 4. Nf3 cxd4 5. Nxd4 Nc6 6. Bg2 Qb6 7. Nb3 Bb4+ 8.
Bd2 d5 9. cxd5 exd5 10. O-O Be7 11. Be3 Qa6 12. Nc3 Be6 13. Nc5 Qc4 14. Rc1
Bxc5 15. b3 Qb4 16. Nxd5 Bxd5 17. Bxc5 Qb5 18. Bxd5 O-O-O 19. e4 b6 20. a4 Qa6
21. Be7 1-0

[Event "2nd Yerevan Open"]
[Site "?"]
[Date "2017.09.22"]
[Round "4.17"]
[White "Sargsyan, Shant"]
[Black "Gaboyan, Susanna"]
[Result "1-0"]
[WhiteElo "2436"]
[BlackElo "2166"]
[PlyCount "93"]

1. Nf3 d5 2. d4 Nf6 3. c4 dxc4 4. e3 e6 5. Bxc4 c5 6. O-O Nc6 7. Nc3 a6 8. dxc5
Qxd1 9. Rxd1 Bxc5 10. Nd2 O-O 11. Nb3 Be7 12. Bd2 b5 13. Be2 Bb7 14. Be1 Rfd8
15. f3 Rxd1 16. Rxd1 Rd8 17. Rc1 Rc8 18. e4 Bd6 19. Bf2 Bf4 20. Rd1 Rd8 21.
Rxd8+ Nxd8 22. a4 b4 23. Na2 Bd6 24. Na5 Bc8 25. Be1 Nd7 26. Nxb4 Nc5 27. Nc4
Bc7 28. a5 Nb3 29. Nb6 Bb7 30. Nxa6 Bxa6 31. Bxa6 Nc6 32. Nc4 Ncxa5 33. Nxa5
Bxa5 34. Bxa5 Nxa5 35. Kf2 Kf8 36. Ke3 e5 37. b4 Nc6 38. b5 Nd4 39. b6 Ke7 40.
b7 Nc6 41. Bb5 Nb8 42. Kd3 Kd6 43. Kc4 f6 44. h4 h6 45. h5 Kc7 46. Kd5 Kb6 47.
Be8 1-0

[Event "2nd Yerevan Open"]
[Site "?"]
[Date "2017.09.22"]
[Round "4.18"]
[White "Babayan, Armine"]
[Black "Aitbayev, Aslan"]
[Result "0-1"]
[WhiteElo "2168"]
[BlackElo "2427"]
[PlyCount "110"]

1. d4 d5 2. c4 c6 3. Nc3 Nf6 4. Nf3 e6 5. e3 Nbd7 6. cxd5 exd5 7. Bd3 Bd6 8.
O-O O-O 9. h3 Re8 10. Qc2 Qe7 11. Nd2 Nf8 12. Re1 Bc7 13. Rb1 Ng6 14. b4 Nh4
15. Ba3 Qd6 16. Nf1 Bxh3 17. gxh3 Qd7 18. Nh2 Qxh3 19. f4 Rxe3 20. Rxe3 Qxe3+
21. Kh1 Bxf4 22. Bc1 Qg3 23. Bxf4 Qxf4 24. Ne2 Qf2 25. Rg1 Re8 26. b5 Re3 27.
Ng3 Qxc2 28. Bxc2 cxb5 29. Nf5 Nxf5 30. Bxf5 Re2 31. Rb1 Rxa2 32. Rxb5 b6 33.
Ng4 Nh5 34. Rxd5 g6 35. Bc8 Ng3+ 36. Kg1 Rd2 37. Rd8+ Kg7 38. d5 Ne4 39. Ne5
Kf6 40. Nc4 Rd4 41. Na3 Ke5 42. Bb7 Nd6 43. Rd7 Rd3 44. Nb5 Nxb5 45. Rxf7 Nd6
46. Re7+ Kf4 47. Bc6 h5 48. Re6 Nf5 49. Rxg6 Rg3+ 50. Rxg3 Kxg3 51. Bd7 Nd6 52.
Ba4 h4 53. Bd1 h3 54. Bc2 h2+ 55. Kh1 a5 0-1

[Event "2nd Yerevan Open"]
[Site "?"]
[Date "2017.09.22"]
[Round "4.19"]
[White "Chibukhchian, Artur"]
[Black "Der Manuelian, Haik"]
[Result "1/2-1/2"]
[WhiteElo "2417"]
[BlackElo "2139"]
[PlyCount "97"]

1. Nf3 d5 2. d4 Nf6 3. c4 e6 4. Nc3 Be7 5. Bg5 h6 6. Bxf6 Bxf6 7. e3 O-O 8. Qc2
b6 9. Be2 dxc4 10. Qe4 c6 11. Bxc4 Bb7 12. Bd3 g6 13. h4 Qe7 14. Qf4 Bg7 15.
O-O Nd7 16. Qc7 Rab8 17. Rad1 Rfe8 18. Be2 Ne5 19. Qxe7 Nxf3+ 20. Bxf3 Rxe7 21.
Rd2 Rd8 22. Rfd1 Red7 23. g4 Kf8 24. Kg2 Ke7 25. Kg3 Bf6 26. Bg2 Bg7 27. f4 e5
28. fxe5 Bxe5+ 29. Kf2 Bf6 30. Kg3 c5 31. Bxb7 Rxb7 32. Ne4 Rbd7 33. Nxf6 Kxf6
34. Kf4 Ke6 35. Ke4 f5+ 36. gxf5+ gxf5+ 37. Kf3 Kf6 38. Kf4 Rd5 39. h5 Re8 40.
dxc5 Re4+ 41. Kf3 Rxd2 42. Rxd2 bxc5 43. Rd5 Rc4 44. Rd6+ Kg5 45. Ra6 Rb4 46.
b3 c4 47. bxc4 Rxc4 48. Rxa7 Kxh5 49. Rg7 1/2-1/2

[Event "2nd Yerevan Open"]
[Site "?"]
[Date "2017.09.22"]
[Round "4.20"]
[White "Omidi, Arya"]
[Black "Santryan, Davit"]
[Result "1-0"]
[WhiteElo "2402"]
[BlackElo "2085"]
[PlyCount "181"]

1. e4 e5 2. Nf3 Nc6 3. Bb5 a6 4. Ba4 Nf6 5. O-O d6 6. Re1 b5 7. Bb3 Be7 8. c3
O-O 9. h3 Nb8 10. d4 Nbd7 11. Nbd2 Bb7 12. Bc2 Re8 13. Nf1 Bf8 14. Ng3 g6 15.
Bg5 h6 16. Be3 c5 17. d5 c4 18. Qd2 Kh7 19. Nh2 h5 20. Nf3 Qc7 21. Ng5+ Kg8 22.
Rf1 Bg7 23. Kh1 Re7 24. Ne2 Nc5 25. b4 cxb3 26. axb3 Bh6 27. f3 Ree8 28. Qe1
Qe7 29. h4 Rec8 30. Qg3 Bg7 31. Nh3 a5 32. Nf2 b4 33. Bxc5 Rxc5 34. Nd3 Rcc8
35. c4 Nd7 36. Qf2 Qd8 37. Nb2 Qb6 38. Qxb6 Nxb6 39. Na4 Nxa4 40. Rxa4 Bh6 41.
Rfa1 Rc5 42. g3 Bd2 43. Nc1 Bxc1 44. Rxc1 Bc8 45. Rca1 Ra6 46. Kg2 Kg7 47. Bd3
f6 48. Kf2 Kf7 49. Ke3 Ke7 50. Be2 Kf7 51. Kf2 Kg7 52. Kg2 Kf8 53. Kh2 Kg7 54.
Bf1 g5 55. hxg5 fxg5 56. Bh3 g4 57. fxg4 hxg4 58. Bf1 Kg6 59. Be2 Kg7 60. Kg2
Kg6 61. Kf2 Kg5 62. Ke3 Kg6 63. Kd2 Kg5 64. Rh1 Bd7 65. Raa1 a4 66. Rh7 Be8 67.
Rb7 Rca5 68. Rxb4 axb3 69. Rxa5 Rxa5 70. Rxb3 Bg6 71. Ke3 Ra8 72. Rb6 Rd8 73.
Rc6 Be8 74. Rc7 Bg6 75. Re7 Rh8 76. c5 Rh3 77. c6 Rxg3+ 78. Kd2 Ra3 79. c7 Ra8
80. Ba6 g3 81. Ke3 g2 82. Kf2 Rf8+ 83. Kg1 Bxe4 84. c8=Q Rxc8 85. Bxc8 Bxd5 86.
Bb7 Bxb7 87. Rxb7 Kf4 88. Rd7 e4 89. Rxd6 Kf3 90. Rf6+ Kg3 91. Rg6+ 1-0

[Event "2nd Yerevan Open"]
[Site "?"]
[Date "2017.09.22"]
[Round "4.21"]
[White "Mkrtchyan, Sargis R.	"]
[Black "Mkrtchian, Lilit"]
[Result "1-0"]
[WhiteElo "2115"]
[BlackElo "2401"]
[PlyCount "67"]

1. d4 Nf6 2. c4 e6 3. Nf3 d5 4. g3 Bb4+ 5. Bd2 Bd6 6. Bg2 O-O 7. O-O Nbd7 8.
Qc2 c6 9. Rc1 Ne4 10. Ne1 f5 11. Nd3 g5 12. cxd5 exd5 13. e3 Qe7 14. Nc3 h5 15.
f4 h4 16. Nxe4 fxe4 17. Ne5 Qg7 18. gxh4 gxf4 19. exf4 Nxe5 20. dxe5 Bh3 21.
Be3 Bc7 22. Kf1 Bxg2+ 23. Qxg2 Qxg2+ 24. Kxg2 Bb6 25. Bxb6 axb6 26. Kg3 Rae8
27. Rg1 Kh7 28. Raf1 Rf7 29. Kh3 e3 30. Rg5 d4 31. Rfg1 Kh8 32. f5 e2 33. f6
Rh7 34. e6 1-0

[Event "2nd Yerevan Open"]
[Site "?"]
[Date "2017.09.22"]
[Round "4.22"]
[White "Gharibyan, Mamikon"]
[Black "Hakobyan, Hakob V."]
[Result "1-0"]
[WhiteElo "2365"]
[BlackElo "2102"]
[PlyCount "69"]

1. d4 d5 2. c4 c6 3. Nf3 Nf6 4. e3 g6 5. Nc3 Bg7 6. Be2 O-O 7. O-O Bg4 8. Qb3
b6 9. cxd5 cxd5 10. h3 Bxf3 11. Bxf3 e6 12. Bd2 Nc6 13. Rfd1 Na5 14. Qc2 Rc8
15. Rac1 b5 16. Qb1 Qb6 17. b3 Rfd8 18. Rc2 Bf8 19. Qb2 Rc7 20. e4 Nxe4 21.
Nxe4 dxe4 22. Rxc7 Qxc7 23. Bxe4 Nb7 24. Bg5 Be7 25. Rc1 Qd6 26. Bh6 Qb6 27. d5
Bf8 28. Be3 Qa6 29. dxe6 fxe6 30. Qf6 Rd7 31. Rc6 Qa5 32. Qxe6+ Rf7 33. Rc8 Nd8
34. Qe8 Re7 35. Bd5+ 1-0

[Event "2nd Yerevan Open"]
[Site "?"]
[Date "2017.09.22"]
[Round "4.23"]
[White "Davtyan, David Arm."]
[Black "Mirzoyan, David"]
[Result "0-1"]
[WhiteElo "2096"]
[BlackElo "2341"]
[PlyCount "100"]

1. d4 Nf6 2. c4 e6 3. Nc3 Bb4 4. e3 O-O 5. Bd3 d5 6. Nf3 c5 7. O-O cxd4 8. exd4
dxc4 9. Bxc4 b6 10. a3 Bxc3 11. bxc3 Bb7 12. Bg5 Qc7 13. Bxf6 Qxc4 14. Ne5 Qd5
15. Qg4 Qxg2+ 16. Qxg2 Bxg2 17. Bxg7 Kxg7 18. Kxg2 Rc8 19. Rac1 Nc6 20. f4 Nxe5
21. fxe5 Rc4 22. Rf3 Rac8 23. Rd3 Ra4 24. Ra1 Rac4 25. Rc1 Kf8 26. Kf2 Ra4 27.
Ra1 Rac4 28. Rc1 Ra4 29. Ra1 b5 30. Ke2 a5 31. Kd2 b4 32. Kc2 bxc3 33. Rxc3 Rd8
34. Rg1 Raxd4 35. Rh3 Rc8+ 36. Kb1 Rc5 37. Rxh7 Rxe5 38. Rh8+ Ke7 39. Ra8 Rb5+
40. Kc2 Rc4+ 41. Kd3 Rc7 42. h4 Rb3+ 43. Kd2 Rh3 44. Rg4 Rd7+ 45. Ke2 Rxa3 46.
h5 Rb7 47. Rc4 Rb2+ 48. Kd1 Ra1+ 49. Rc1 Rxc1+ 50. Kxc1 Rb5 0-1

[Event "2nd Yerevan Open"]
[Site "?"]
[Date "2017.09.22"]
[Round "4.24"]
[White "Pluzyan, Aram"]
[Black "Davtyan, Artur"]
[Result "1-0"]
[WhiteElo "2079"]
[BlackElo "2303"]
[PlyCount "157"]

1. Nf3 d5 2. g3 Nf6 3. Bg2 e6 4. O-O Be7 5. b3 c5 6. Bb2 O-O 7. Ne5 Qc7 8. e3
Nc6 9. Nxc6 bxc6 10. d3 e5 11. Nd2 Be6 12. f4 Ng4 13. Qe2 exf4 14. exf4 Nh6 15.
Nf3 Rae8 16. Qd2 f6 17. Rae1 Bd6 18. Re2 Bd7 19. Rfe1 Qd8 20. c4 d4 21. Bc1 Nf5
22. Rxe8 Rxe8 23. Rxe8+ Qxe8 24. Qe1 Qg6 25. Qa5 Be8 26. Qxa7 h5 27. Qa8 Kf7
28. Ne1 h4 29. Bxc6 Bxc6 30. Qxc6 hxg3 31. Qf3 gxh2+ 32. Kxh2 Qh6+ 33. Kg1 g6
34. Ng2 Qh8 35. Bd2 Qb8 36. Qc6 g5 37. Qe4 Kg6 38. fxg5 Bh2+ 39. Kf1 Qh8 40.
Bf4 Qh3 41. Bxh2 Qxh2 42. Nf4+ Kxg5 43. Ne6+ Kg6 44. Qg4+ Kf7 45. Qxf5 Qh1+ 46.
Kf2 Qh2+ 47. Kf3 Qh1+ 48. Ke2 Qh2+ 49. Kd1 Qg1+ 50. Kc2 Qg2+ 51. Kd1 Qg1+ 52.
Ke2 Qg2+ 53. Ke1 Qg1+ 54. Qf1 Qe3+ 55. Qe2 Qg1+ 56. Kd2 Qa1 57. Nd8+ Kf8 58.
Qf3 Qxa2+ 59. Ke1 Qa5+ 60. b4 Qxd8 61. bxc5 Qe7+ 62. Kf1 Qe5 63. c6 Kg7 64.
Qg4+ Kf8 65. Kg2 Ke7 66. Qg7+ Ke8 67. Qg4 f5 68. Qh5+ Ke7 69. Qh7+ Kf8 70. Qh6+
Ke7 71. Kf3 Kd8 72. Qf4 Qf6 73. Qb8+ Ke7 74. Qb7+ Kd6 75. Qd7+ Kc5 76. c7 Qg5
77. c8=Q+ Kb4 78. Qf8+ Kc3 79. Qa3+ 1-0

[Event "2nd Yerevan Open"]
[Site "?"]
[Date "2017.09.22"]
[Round "4.25"]
[White "Manukyan, Sargis V."]
[Black "Yeremyan, Alen"]
[Result "1-0"]
[WhiteElo "2287"]
[BlackElo "2060"]
[PlyCount "79"]

1. Nf3 Nf6 2. c4 g6 3. b4 Bg7 4. Bb2 d6 5. e3 e5 6. d4 O-O 7. Be2 e4 8. Nfd2 h5
9. Nc3 Bf5 10. h3 h4 11. Qb3 Nbd7 12. a4 g5 13. O-O-O Bg6 14. g3 Kh7 15. gxh4
gxh4 16. Rhg1 Bh6 17. Kb1 Rg8 18. Rde1 Bf5 19. Qc2 Qe7 20. Nf3 Rxg1 21. Rxg1
Rg8 22. Rh1 Ne8 23. Nh2 Nef6 24. Nf3 Ne8 25. Nh2 Nef6 26. Ng4 Nxg4 27. hxg4
Bxg4 28. Nxe4 Bf5 29. Bd3 Bg6 30. Nd2 Qg5 31. f4 Qg2 32. Rxh4 Qg3 33. Rh1 f5
34. Nf1 Qg4 35. Qh2 Qd1+ 36. Ka2 Qxa4+ 37. Ba3 Bh5 38. Bxf5+ Kh8 39. Bc2 Qc6
40. Qxh5 1-0